Вып. 60 : Работы Тяньшанской физико-географической станции. № 4; Труды Института географии

Detalles Bibliográficos
Parent link:Труды Института географии/ Академия наук СССР, Институт географии. Вып. 60 : Работы Тяньшанской физико-географической станции. № 4.— , 1937-1962
Otros Autores: Рихтер Г. Д. (редактор)
Lenguaje:ruso
Publicado: 1954
Materias:
Formato: Libro
KOHA link:https://koha.lib.tpu.ru/cgi-bin/koha/opac-detail.pl?biblionumber=103740

MARC

LEADER 00000nam2a2200000 4500
001 103740
005 20231031113744.0
035 |a (RuTPU)RU\TPU\book\111837 
035 |a RU\TPU\book\252068 
035 |a RU\TPU\book\252444 
090 |a 103740 
100 |a 20130201d1954 k y0rusy50 ca 
101 0 |a rus 
102 |a RU 
105 |a a z 001zy 
200 0 |a Вып. 60 : Работы Тяньшанской физико-географической станции. № 4  |f под ред. Г. Д. Рихтера 
210 |d 1954 
215 |c ил.  |a 195 с. 
320 |a Библиография в конце статей 
461 1 |0 (RuTPU)RU\TPU\retro\2587  |t Труды Института географии  |f Академия наук СССР, Институт географии  |v Вып. 60 : Работы Тяньшанской физико-географической станции. № 4  |d 1937-1962 
606 1 |a Физико-географические исследования  |2 stltpush  |3 (RuTPU)RU\TPU\subj\63731 
610 1 |a геологические исследования 
610 1 |a геологические станции 
610 1 |a горные массы 
610 1 |a ледники 
610 1 |a снежный покров 
610 1 |a камнепады 
610 1 |a почва 
610 1 |a фауна 
610 1 |a геоботаника 
610 1 |a геоботанические исследования 
610 1 |a Тянь-Шань 
610 1 |a метеорология 
675 |a 910.25  |v 3 
702 1 |a Рихтер  |b Г. Д.  |4 340 
801 1 |a RU  |b 63413507  |c 20061020  |g PSBO 
801 2 |a RU  |b 63413507  |c 20180815  |g PSBO 
942 |c BK